000 00345 a2200157 4500
001 56753
020 _a852624762X
040 _cAnchieta - Pituba
100 _aHugo, Victor
240 1 0 _aO corcunda de Notre-Dame
_lpor
245 1 0 _aO corcunda de Notre-Dame
300 _a136
362 0 _a2004
650 4 _aLiteratura juvenil
942 _cBK
999 _c56753
_d56753